00644nam a22001457a 4500040000900000082001500009100002900024245010300053260002700156300001500183505011800198942002400316999001900340952013900359 cNUST a153.43,GRE aGreetham, Bryan 9104276 aSmart Thinking: bHow to Think Conceptually, Design Solutions and Make Decisions /cBryan Greetham achinabSpringercc2016 axii,313 .P aIntroduction (Page-1), Conceptual Thinking (Page-410, Creative Thinking (Page-121), Making Decisions (Page-219).  2ddccBKm153.43,GRE c592610d592610 00102ddc4070aMCSbMCScGENd2022-12-06l2o153.43,GREpMCS37786r2026-01-07s2025-04-17w2022-12-06yBKzAlmirah No.46, Shelf No.4